000 00567nam a2200205Ii 4500
003 JO-AjNU
008 230606s9999||||xx |||||||||||||| ||und||
020 _a978-81-203-3785-5
040 _aJO-AjNU
_beng
_erda
_cJO-AjNU
041 _aeng
050 1 4 _aQA303.2009
100 3 _aPrasda,Devi,
_eauthor
_9228
245 0 0 _aAdvanced calculus
264 3 1 _aNEWDELHI:philearning private limited,2010
300 _a278p
336 _atext
_btxt
_2rdacontent
337 _aunmediated
_bn
_2rdamedia
338 _avolume
_bnc
_2rdacarrier
650 4 _aAdvanced calculus
_9229
999 _aE120
_c120
_d120